Marketingový management.

Charakteristika výrobného mixu (súčasti marketingového mixu). Vymedzenie výrobkového mixu. Dôležitosť výrobkového mixu pri vytváraní výrobného programu podniku. Zmeny vo výrobnom programe. Vývoj nového výrobku. Životný cyklus výrobku. Cenové nástroje-cenový mix. Predajný a komunikačný mix.

Na minha lista:
Detalhes bibliográficos
Autor principal: Hron, J.
Formato: Capítulo de Livro
Idioma:tcheco
Assuntos:
Tags: Adicionar Tag
Sem tags, seja o primeiro a adicionar uma tag!

MARC

LEADER 00000naa a2200000 4500
001 r009782
005 20220831083322.0
041 0 |a cze 
044 |a [CS] 
245 1 0 |a Marketingový management.  |c J. Hron 
520 |a Charakteristika výrobného mixu (súčasti marketingového mixu). Vymedzenie výrobkového mixu. Dôležitosť výrobkového mixu pri vytváraní výrobného programu podniku. Zmeny vo výrobnom programe. Vývoj nového výrobku. Životný cyklus výrobku. Cenové nástroje-cenový mix. Predajný a komunikačný mix. 
610 2 0 |a marketing 
610 2 0 |a manažment 
610 2 0 |a výrobky 
610 2 0 |a výrobky nové 
610 2 0 |a programy výrobné 
610 2 0 |a ceny 
610 2 0 |a predaj 
100 1 |a Hron, J.